LEADER 01237nam a2200289 i 4500 001 000000034195 003 CaOOAMICUS 005 20240405101552.0 008 040823s1987 it u000 u ita u 013 $a350 020 $a88-372-1316-6 040 $aSeMil$bita 100 1 $aDobraczy?ski, Jan,$d<1910-1994>.$0(OLS)http://semarc/name/15639 240 10$aGrom uderza po raz trzeci.$0(OLS)http://semarc/title/46131 245 13$aLa folgore colpisce per la terza volta :$bil romanzo di Giovanni Battista /$cJan Dobraczynski. 260 $aBrescia :$bMorcelliana,$ccopyr. 1987. 300 $a160 p. ;$c20 cm. 500 $aIn occhietto : Dedica autografa dell'Autore. - Fondo Card. C.M. Martini. 600 04$aGiovanni Battista .$0(OLS)http://semarc/subject/5678 850 $aSeMil 852 $aSeMil$W1$xVenegono$y1$m1O IV 22$j350$B350$CSeMilBibl$Z2$F350 $81 941 1 $a4 961 $aOmaggio: Martini Card. Carlo Maria 996 $6020$a88-372-1316-6$9(OLS)http://semarc/number/1854 996 $6245$aLa folgore colpisce per la terza volta :$bil romanzo di Giovanni Battista$9(OLS)http://semarc/title/46130 996 $6260$aBrescia :$bMorcelliana$9(OLS)http://semarc/publisher/29629 LEADER 01950nam a2200361 i 4500 001 000000259056 003 CaOOAMICUS 005 20190605105107.0 008 180629s2017 it u000 u ita u 013 $a237964 020 $a978-88-16-41423-5 040 $aSeMil$bita 100 1 $aCassiodorus, Flavius Magnus Aurelius,$d.$0(OLS)http://semarc/name/89183 240 10$aExpositio psalmorum.$0(OLS)http://semarc/title/423459 245 10$aGrazie a te, Signore :$bcommento alle suppliche di ringraziamento /$cCassiodoro ; prefazione della Comunitą certosina di Serra S. Bruno ; presentazione di introduzione, traduzione e note di Antonio Cantisani. 264 1$aMilano :$bJaca Book,$c2017. 300 $aXXVI, 282 p. ;$c23 cm. 490 0 $aBiblioteca di cultura medievale 650 4$aBibbia. Antico Testamento. Salmi - Commentari, studi, critica, interpretazioni.$0(OLS)http://semarc/subject/289 650 4$aCassiodoro, Flavio Magno Aurelio - Opere.$0(OLS)http://semarc/subject/5172 700 1 $aCertosini .$0(OLS)http://semarc/name/95042 700 1 $aCantisani, Antonio,$c.$0(OLS)http://semarc/name/5098 773 0 $aCassiodorus, Flavius Magnus Aurelius $tOpere.$dMilano : Jaca Book, 2011-$kBiblioteca di cultura medievale $w()28509 830 0$aBiblioteca di cultura medievale .$0(OLS)http://semarc/title/530 850 $aSeMil 852 $aSeMil$W1$xVenegono$y1$m2N II 402$j209401$B209401$CSeMilBibl$Z2$F223064 $81 900 1 $aCassiodoro. 961 $aAcquisto: Cittą Nuova 996 $6020$a978-88-16-41423-5$9(OLS)http://semarc/number/284640 996 $6245$aGrazie a te, Signore :$bcommento alle suppliche di ringraziamento$9(OLS)http://semarc/title/413901 996 $6264$aMilano :$bJaca Book$9(OLS)http://semarc/publisher/29781